| 000 | 00699nam a2200229 a 4500 | ||
|---|---|---|---|
| 001 | 64421 | ||
| 003 | BD-RjUL | ||
| 005 | 20211209081316.0 | ||
| 008 | 170214s1972 ru 000 0 eng d | ||
| 035 | _a(BD-RjUL) | ||
| 040 |
_aBD-RjUL _cBD-RjUL _dBD-RjUL _beng |
||
| 041 | 1 | _aeng | |
| 082 |
_223 _a959 _bSOU 1972 |
||
| 245 | 0 | 0 |
_aSoutheast Asia: history, economy, policy / _cDavid Fidlon |
| 260 |
_aMoscow: _bProgress Publishers, _c1972. |
||
| 300 |
_a275 p. ; _c18 cm. |
||
| 651 | 0 |
_aSoutheast Asia _xHistory. _9191151 |
|
| 651 | 0 |
_aSoutheast Asia _xPolitics and government. _9191152 |
|
| 651 | 0 |
_aSoutheast Asia _xEconomic conditions. _9174357 |
|
| 700 |
_aFidlon, David _9191153 |
||
| 942 |
_2ddc _cBK |
||
| 999 |
_c64421 _d64421 |
||